=LDR 00000nam 2200000 4500 =001 INLIS000000000061587 =005 20230118081355 =035 ##$$a 0010-1022000328 =007 ta =008 230118###########################0#ind## =020 ##$$a 013-855270-3 =082 ##$$a 658.402 =084 ##$$a 658.402 STR s =245 ##$$a The Structuring of Organizations : $b A Syntesis of the Research =260 ##$$a London :$b Engliwood Cliffs,$c 2000 =300 ##$$a 512 halaman ; $c 21 cm =650 #4$$a Manajemen =990 ##$$a 3202202590 =990 ##$$a 3202202590